000 00353nam a2200121Ia 4500
005 20260326235441.0
008 260326s9999||||xx |||||||||||||| ||und||
100 _aReinberg, Georg W.
245 0 _aOffenes wohnen im alter :
_b pensionisten-und pflegeheim St. Polten /
_cGeorg W. Reinberg
300 _a29 p.
650 _aARQUITECTURA Y CLIMA
942 _cBK
999 _c7409
_d7409